|
|
|
|
| LEADER |
00000nam0a2200000 4500 |
| 001 |
253062 |
| 005 |
20231101232816.0 |
| 035 |
|
|
|a (RuTPU)RU\TPU\book\275443
|
| 090 |
|
|
|a 253062
|
| 100 |
|
|
|a 20140311d1965 k y0rusy50 ca
|
| 101 |
0 |
|
|a rus
|
| 102 |
|
|
|a RU
|
| 105 |
|
|
|a a z 001zy
|
| 200 |
1 |
|
|a Векторное исчисление и начала тензорного исчисления
|f Н. Е. Кочин
|
| 205 |
|
|
|a 9-е изд.
|
| 210 |
|
|
|a Москва
|c Наука
|d 1965
|
| 215 |
|
|
|a 426 с.
|c черт.
|
| 320 |
|
|
|a Предм. указ.: с. 420-424.
|
| 606 |
1 |
|
|a Векторное исчисление
|2 stltpush
|3 (RuTPU)RU\TPU\subj\38196
|9 58850
|
| 606 |
1 |
|
|a Тензорное исчисление
|2 stltpush
|3 (RuTPU)RU\TPU\subj\59418
|9 76971
|
| 610 |
1 |
|
|a векторная алгебра
|
| 610 |
1 |
|
|a векторный анализ
|
| 610 |
1 |
|
|a тензоры
|
| 675 |
|
|
|a 514.742
|v 3
|
| 675 |
|
|
|a 514.743
|v 3
|
| 700 |
|
1 |
|a Кочин
|b Н. Е.
|
| 801 |
|
1 |
|a RU
|b 63413507
|c 20140311
|
| 801 |
|
2 |
|a RU
|b 63413507
|c 20140312
|g RCR
|
| 942 |
|
|
|c BK
|